000 00521nam a2200157 i 4500
001 74259
003 ES-MaACL
005 20230906172052.0
007 t|
008 040916s1968 sp ||||1| spa d
100 1 _aGonzález-Anleo Pérez, Mariano.
_958426
245 1 0 _aObra poética de caracter místico romántico
_b: mis creencias /
_cpor Mariano González-Anleo Pérez Narvèz.
260 _a[S.l. :
_bs.n.,
_c1968] (
_eOsuna :
_fImp. Bermudez)
300 _a200 p. ;
_c20 cm.
852 _aES-MaACL
_jC-47407
_bR.69178
999 _c74259
_d74259